Statistics for US State abbreviations

Click here to take the quiz!

General Stats

  • This quiz has been taken 34 times
  • The average score is 52 of 56

Answer Stats

Hint Answer % Correct
AlabamaAL
100%
ArizonaAZ
100%
ArkansasAR
100%
CaliforniaCA
100%
ColoradoCO
100%
ConnecticutCT
100%
DelawareDE
100%
AlaskaAK
100%
KansasKS
96%
OklahomaOK
96%
OhioOH
96%
North DakotaND
96%
North CarolinaNC
96%
New YorkNY
96%
KentuckyKY
96%
OregonOR
96%
IowaIA
96%
IndianaIN
96%
District of ColumbiaDC
96%
FloridaFL
96%
GeorgiaGA
96%
HawaiiHI
96%
IdahoID
96%
IllinoisIL
96%
South CarolinaSC
91%
South DakotaSD
91%
TennesseeTN
91%
TexasTX
91%
UtahUT
91%
VermontVT
91%
VirginiaVA
91%
WashingtonWA
91%
West VirginiaWV
91%
WisconsinWI
91%
WyomingWY
91%
Rhode IslandRI
91%
GuamGU
91%
American SamoaAS
91%
NevadaNV
91%
PennsylvaniaPA
91%
New MexicoNM
91%
LouisianaLA
91%
MaineME
91%
MarylandMD
91%
MassachusettsMA
91%
MichiganMI
91%
MinnesotaMN
91%
MississippiMS
91%
MissouriMO
91%
MontanaMT
91%
NebraskaNE
91%
New HampshireNH
91%
New JerseyNJ
91%
Puerto RicoPR
83%
Virgin IslandsVI
83%
Northern Marina IslandsMP
22%

Score Distribution

Percentile by Number Answered

Percent of People with Each Score

Your Score History

You have not taken this quiz